Aussie Songs - Statistics

General Stats
  • This quiz has been taken 17 times
  • The average score is 8 of 40
Answer Stats
Artist/Band Answer % Correct
Midnight Oil Beds are Burning
69%
Men at Work Down Under
56%
Daryl Braithwaite Horses
56%
INXS Never tear us apart
50%
Daddy Cool Eagle Rock
44%
Divinyls I touch myself
38%
INXS Need you tonight
38%
Natalie Imbruglia Torn
38%
Jimmy Barnes Working Classman
31%
Australian Crawl Boys light up
25%
ICEHOUSE Great Southern Land
25%
Cold Chisel Khe Sanh
25%
Choirboys Run to Paradise
25%
The Angles Am I ever gonna see your face again
19%
Crowed house Better be home soon
19%
ICEHOUSE Electric Blue
19%
Cold Chisel Flame Trees
19%
Hunters & Collectors Holy Grail
19%
INXS Original Sin
19%
Men at Work Who can it be now
19%
Cold Chisel Cheap Wine
13%
AC/DC Hells Bells
13%
Rick Springfield Jesses Girl
13%
INXS New Sensation
13%
The Angels No secrets
13%
Midnight oil Power and the Passion
13%
The Angels Take a long line
13%
Veronicas Untouched
13%
Cold Chisel Bow River
6%
Hunters & Collectors Do you see what I see
6%
Redgum I was only 19
6%
AC/DC Jailbreak
6%
Smokie Living next door to Alice
6%
The Angels Shadow Boxer
6%
Hunters & Collectors Throw your arms around me
6%
John Farnham Your the Voice
6%
Jimmy Barnes Good Times
0%
The Living End Prisoners of Society
0%
Sunset Avenue Take another lap
0%
The Angles We gotta get outta this place
0%
No matching quizzes found
Score Distribution
Percent of People with Each Score
Percentile by Number Answered
Your Score History
You have not taken this quiz